000 00662nam a22001817a 4500
003 OSt
005 20260129033730.0
008 260129b |||||||| |||| 00| 0 eng d
020 _a978-971-691-626-3.
040 _aDWCL-Main lib
_cOC
082 _22008 ed.
_aFil. 323.4 S246s 2006
100 _aSarmiento III, Ulpiano "Ulan" P.
245 _aStudents' right and wrongs :
_ba comprehensive sourcebook on legal rights of students and the limitations
_cSarmiento III, Ulpiano "Ulan" P.
260 _a[S.l.] :
_bCentral Books,
_cc2006.
300 _aiv, 431 pages ;
_c22 cm.
650 _a1. Civil rights-Students rights-Philippines.
942 _2ddc
_cBK-FIL
_kFil.
_n0
999 _c7948
_d7948